Missing Movie Trios Quiz Stats

Quiz Updated May 6, 2015

Challenge
Share
Tweet
Embed
Score 0/30 Timer 05:00
4 Plays Today
% Correct
Me Myself I
89%
Stop Drop Roll
88.9%
Past Present Future
88.8%
Peter Paul Mary
85.9%
Birth Life Death
85.5%
Win Place Show
83.1%
Man Woman Child
82.2%
Yes No Maybe
81.1%
Earth Wind Fire
81%
Yesterday Today Tomorrow
79.7%
Jack Queen King
78.7%
Beginning Middle End
78.3%
Faith Hope Charity
77.2%
Never Sometimes Always
74.5%
Paper Rock Scissors
73.9%
% Correct
People Places Things
73.7%
Red White Blue
72.3%
Good Better Best
72.1%
Vanilla Chocolate Strawberry
69.9%
First Second Third
68.5%
One Two Three
68.4%
Morning Afternoon Night
67.4%
Single Double Triple
64.7%
Tall Dark Handsome
64.1%
Left Right Center
63.4%
Air Land Sea
62.5%
City State Country
59.2%
April May June
58.5%
Tom Dick Harry
58.4%
Small Medium Large
52.9%

You're not logged in!

Compare scores with friends on all Sporcle quizzes.
Join for Free
OR
Log In

You Might Also Like...

Show Comments

Extras

Top Quizzes Today


Score Distribution

Your Account Isn't Verified!

In order to create a playlist on Sporcle, you need to verify the email address you used during registration. Go to your Sporcle Settings to finish the process.

Report this User

Report this user for behavior that violates our Community Guidelines.

Details: